000 00559nam a2200193Ia 4500
003 GCL
008 140319s9999 xx 000 0 ara d
040 _aGCL /
_cGCL
082 0 4 _aد
_b050
100 1 _aكريم ثابت
245 1 0 _aالملك فاروق ( اقرا 20 ) /
_cكريم ثابت
300 _a133 ص
490 _aوثائق ونصوص
_v0
650 0 4 _aالملوك والحكام
650 0 4 _aالملك فاروق
650 0 4 _aالملوك المصريون
650 0 4 _aمصر - الملوك والمصريون
942 _2ddc
_cCF
999 _c27377
_d27377